| 000 | 00430nam a2200157 4500 | ||
|---|---|---|---|
| 999 |
_c510706 _d510706 |
||
| 008 | 190829b ||||| |||| 00| 0 eng d | ||
| 100 |
_aMohanty, B.B. _99137 |
||
| 245 | _aSmall farmers' suicide in Odisha | ||
| 260 | _c2019 | ||
| 300 | _ap.51-59. | ||
| 650 |
_aSuicides - India - Odisha _99138 |
||
| 700 |
_aLenka, Papesh K, _99139 |
||
| 773 | _aEconomic and Political Weekly | ||
| 906 | _aFarmers - India | ||
| 942 |
_2ddc _cAR |
||